|
|
|
|
| LEADER |
00000nam a22000007a 4500 |
| 005 |
2022082301131.0 |
| 007 |
cr|||| |||| |
| 008 |
220823s2021 pe |||||s|||| 00||0 spa d |
| 020 |
|
|
|a 9786123252106
|
| 035 |
|
|
|a 36938
|
| 040 |
|
|
|a vLex
|
| 090 |
|
|
|c 13791
|d 13791
|
| 100 |
1 |
|
|a Romero Herrera, Julia
|
| 245 |
1 |
0 |
|a Derechos de libertad
|h [Recurso electrn̤ico] :
|b Libertad personal, libre trǹsito, residencia y reunin̤ /
|c Julia Romero Herrera
|
| 256 |
|
|
|a Servicio en ln̕ea
|
| 260 |
|
|
|a Lima:
|b Palestra Editores,
|c 2021
|
| 300 |
|
|
|a 1 recurso electrn̤ico
|
| 500 |
|
|
|a El props̤ito de este libro es dar cuenta del desarrollo actual de los derechos a la libertad personal, libertad de trǹsito, libertad de elegir la residencia y derecho a la reunin̤, para lo cual el presente trabajo se ha dividido en cuatro capt̕ulos, cada uno destinado a un derecho fundamental especf̕ico, en donde se desarrollan algunos aspectos generales, las condiciones para la titularidad de estos derechos, los sujetos vinculados, el m̀bito material constitucionalmente protegido, los lm̕ites expresos e implc̕itos, los mecanismos de tutela desde la perspectiva jurisdiccional, as ̕como algunos casos relevantes y ejercicios prc̀ticos, incluyendo grf̀icos y cuadros elaborados con el objetivo de una mayor compresin̤, para que estudiantes, operadores del Derecho, y pb︢lico en general interesado en esta materia puedan contar con estas herramientas, sin perder de vista que las Constituciones deben ser instrumentos vivos.
|
| 506 |
1 |
|
|a Disponible solo en los productos indicados
|d vLex Global
|d vLex Global (Academic Edition, excluding Law Schools)
|d vLex Global (U.S. Academic Edition, Law Schools)
|d vLex Global (U.S. Academic Edition, excluding Law Schools)
|d vLex Global (Academic Edition, Law Schools)
|
| 650 |
0 |
4 |
|a Derecho Constitucional
|z Per︢
|
| 740 |
0 |
|
|a vLex Libros (Servicio en ln̕ea)
|
| 856 |
4 |
0 |
|u https://app.vlex.com/#/sources/36938
|z Acceso restringido
|
| 942 |
|
|
|c BOOK
|
| 999 |
0 |
|
|a Constitutional right
|